Lo formal y lo informal en las sociedades contemporáneas

Salvato in:
Dettagli Bibliografici
Autore principale: Adler Lomnitz, Larissa (Autore)
Natura: Libro
Lingua:spagnolo
Pubblicazione: Santiago Centro de Investigaciones Diego Barros Arana 2008
Soggetti:
Tags: Aggiungi Tag
Nessun Tag, puoi essere il primo ad aggiungerne!!

MARC

LEADER 00000nam a2200000 a 4500
001 UCH7594
003 CL-VaPUC
008 091119e20080000CL |||||||||||||||||spa|d
020 |a 9789562442039 
082 0 4 |a 306  |b ADL  |2 21 
100 0 |a Adler Lomnitz, Larissa  |e author  |9 544002 
245 1 3 |a Lo formal y lo informal en las sociedades contemporáneas 
300 |a 403 p 
942 |c BK 
945 |d 20091119 00:00:00  |a rbrito 
260 |a Santiago  |b Centro de Investigaciones Diego Barros Arana  |c 2008 
650 0 |a Antropología cultural   |9 269905 
650 0 |a Intelectuales  |9 262027 
650 0 |a Vida intelectual  |9 265379 
583 |a last modification  |c 20091119 00:00:00  |k Rodrigo Vera 
999 |c 338110  |d 338108 
952 |0 0  |1 0  |4 0  |6 306_000000000000000_ADL_2008  |7 0  |8 A  |9 430943  |a BIBCUR  |b BIBCUR  |d 2019-11-22  |i 4619269  |o 306 ADL 2008  |p 4619269  |r 2025-04-22  |w 2019-11-22  |y BK  |k PER